இங்கிலாந்தின் அரசியலமைப்பு வரலாறு - Iṅkilāntiṉ araciyalamaippu varalāṟu 1 கி.பி. 1603 முதல் மேல் பட்டப்படிப்பிற்குரியது ஆசிரியர் டி.என். வாசுதேவராவ் : (Record no. 600083)

MARC details
000 -LEADER
fixed length control field 00845nam a2200193 a 4500
008 - FIXED-LENGTH DATA ELEMENTS--GENERAL INFORMATION
fixed length control field 251204s1976##################000#0#eng##
082 04 - DEWEY DECIMAL CLASSIFICATION NUMBER
Classification number 372.42
Item number VAS
100 1# - MAIN ENTRY--AUTHOR NAME
Personal name வாசுதேவ ராவ், டி. என். Vācutēva rāv, ṭi. Eṉ.,
245 10 - TITLE STATEMENT
Title இங்கிலாந்தின் அரசியலமைப்பு வரலாறு - Iṅkilāntiṉ araciyalamaippu varalāṟu 1 கி.பி. 1603 முதல் மேல் பட்டப்படிப்பிற்குரியது ஆசிரியர் டி.என். வாசுதேவராவ் :
260 ## - PUBLICATION, DISTRIBUTION, ETC. (IMPRINT)
Year of publication 1976.
300 ## - PHYSICAL DESCRIPTION
Number of Pages [iv], 384 p.
500 ## - GENERAL NOTE
General note Includes glossary
650 #0 - SUBJECT ADDED ENTRY--TOPICAL TERM
Topical Term வரலாறு.
942 ## - ADDED ENTRY ELEMENTS (KOHA)
Koha item type Reference
Holdings
Withdrawn status Lost status Damaged status Not for loan Home library Current library Shelving location Date acquired Full call number Accession Number Price effective from Koha item type
        Anna Centenary Library Anna Centenary Library COMPETITIVE SECTION - SEVENTH FLOOR 04.12.2025 372.42 VAS G015070 04.12.2025 Reference

Find us on the map